Practical bioinformatics for beginners : (Record no. 49744)

MARC details
000 -LEADER
fixed length control field 03427cam a22003977a 4500
003 - CONTROL NUMBER IDENTIFIER
control field WSP
005 - DATE AND TIME OF LATEST TRANSACTION
control field 20260416153410.0
008 - FIXED-LENGTH DATA ELEMENTS--GENERAL INFORMATION
fixed length control field 230303s2023 si ob 001 0 eng d
020 ## - INTERNATIONAL STANDARD BOOK NUMBER
International Standard Book Number 9789811258992
-- (ebook)
020 ## - INTERNATIONAL STANDARD BOOK NUMBER
International Standard Book Number 9811258996
-- (ebook)
020 ## - INTERNATIONAL STANDARD BOOK NUMBER
Cancelled/invalid ISBN 9811258988
-- (hbk.)
020 ## - INTERNATIONAL STANDARD BOOK NUMBER
Cancelled/invalid ISBN 9789811258985
-- (hbk.)
072 #7 - SUBJECT CATEGORY CODE
Subject category code SCI
Subject category code subdivision 102000
Source bisacsh
072 #7 - SUBJECT CATEGORY CODE
Subject category code SCI
Subject category code subdivision 029000
Source bisacsh
072 #7 - SUBJECT CATEGORY CODE
Subject category code SCI
Subject category code subdivision 010000
Source bisacsh
082 04 - DEWEY DECIMAL CLASSIFICATION NUMBER
Classification number 570.285
049 ## - LOCAL HOLDINGS (OCLC)
Holding library MAIN
245 00 - TITLE STATEMENT
Title Practical bioinformatics for beginners :
Remainder of title from raw sequence analysis to machine learning applications /
Statement of responsibility, etc edited by Lloyd Low, Martti Tammi.
260 ## - PUBLICATION, DISTRIBUTION, ETC. (IMPRINT)
Place of publication, distribution, etc Singapore :
Name of publisher, distributor, etc World Scientific,
Date of publication, distribution, etc 2023.
300 ## - PHYSICAL DESCRIPTION
Extent 1 online resource (268 p.).
505 0# - FORMATTED CONTENTS NOTE
Contents Introduction to next generation sequencing technologies / Lloyd Low and Martti T Tammi -- Primer on Linux / Adeel Malik and Muhammad Farhan Sjaugi -- Inspection of sequence quality / Kwong Qi Bin, Ong Ai Ling, Heng Huey Ying and Martti T Tammi -- Alignment of sequenced reads / Akzam Saidin --- Establish a research workflow / Joel Low Zi-Bin and Heng Huey Ying -- De novo assembly of a genome / Joel Low Zi-Bin, Martti T Tammi and Wai Yee Low -- Exome sequencing / Setia Pramana, Kwong Qi Bin, Heng Huey Ying, Nuha Hassim and Ong Ai Ling -- Transcriptomics / Yan Ren, Akzam Saidin and Wai Yee Low -- Metagenomics / Sim Chun Hock, Kee Shao Yong, Ong Ai Ling, Heng Huey Ying and Teh Chee Keng -- Applications of NGS data / Teh Chee Keng, Ong Ai Ling and Kwong Qi Bin -- Predicting human enhancers with machine learning / Callum MacPhillamy and Wai Yee Low.
520 ## - SUMMARY, ETC.
Summary, etc "Next-Generation Sequencing (NGS) is increasingly common and has applications in various fields such as clinical diagnosis, animal and plant breeding, and conservation of species. This incredible tool has become cost-effective. However, it generates a deluge of sequence data that requires efficient analysis. The highly sought-after skills in computational and statistical analyses include machine learning and, are essential for successful research within a wide range of specializations, such as identifying causes of cancer, vaccine design, new antibiotics, drug development, personalized medicine, and increased crop yields in agriculture. This invaluable book provides step-by-step guides to complex topics that make it easy for readers to perform specific analyses, from raw sequenced data to answer important biological questions using machine learning methods. It is an excellent hands-on material for lecturers who conduct courses in bioinformatics and as reference material for professionals. The chapters are standalone recipes making them suitable for readers who wish to self-learn selected topics. Readers gain the essential skills necessary to work on sequenced data from NGS platforms; hence, making themselves more attractive to employers who need skilled bioinformaticians"--
650 #0 - SUBJECT ADDED ENTRY--TOPICAL TERM
Topical term or geographic name as entry element Bioinformatics.
856 40 - ELECTRONIC LOCATION AND ACCESS
Uniform Resource Identifier <a href="https://www.worldscientific.com/worldscibooks/10.1142/12908#t=toc">https://www.worldscientific.com/worldscibooks/10.1142/12908#t=toc</a>
942 ## - ADDED ENTRY ELEMENTS (KOHA)
Koha item type Electronic Books
504 ## - BIBLIOGRAPHY, ETC. NOTE
Bibliography, etc Includes bibliographical references and index.
520 ## - SUMMARY, ETC.
-- Publisher's website.
538 ## - SYSTEM DETAILS NOTE
System details note Mode of access: World Wide Web.
538 ## - SYSTEM DETAILS NOTE
System details note System requirements: Adobe Acrobat reader.
655 #0 - INDEX TERM--GENRE/FORM
Genre/form data or focus term Electronic books.
Holdings
Withdrawn status Lost status Source of classification or shelving scheme Damaged status Not for loan Home library Location Date of Cataloging Total Checkouts Full call number Barcode Date last seen Uniform Resource Identifier Price effective from Koha item type
    Dewey Decimal Classification     CUTN Central Library CUTN Central Library 16/04/2026   570.285 EB04988 16/04/2026 https://doi.org/10.1142/12908 16/04/2026 Electronic Books